Statistics for Burkina Faso First Level Subdivisions

Click here to take the quiz!

General Stats

  • This quiz has been taken 84 times
  • The average score is 7 of 13

Answer Stats

Régions% Correct
East
83%
North
74%
Central
71%
Southwest
69%
Sahel
54%
Cascades
51%
Central-East
46%
Central-North
46%
Central-South
46%
Central-West
43%
Boucle du Mouhoun
40%
Hauts-Bassins
31%
Central Plateau
29%

Score Distribution

Percentile by Number Answered

Percent of People with Each Score

Your Score History

You have not taken this quiz